Statistiques concernant Culture générale (3)

Cliquez ici pour prendre le quiz!

Statistiques générales

  • Ce quiz a été pris 151 fois
  • Le résultat moyen est 8 sur 15

Statistiques - réponses

QuestionsRéponses% Correct
Dans quel pays se situe le Machu Picchu ?Au Pérou
92%
Qui a chanté "La bohème" en 1965 ?Charles Aznavour
89%
Quel auteur a parlé d'une fameuse madeleine ?Marcel Proust (la "Madeleine de Proust")
85%
En quelle année a eu lieu la conférence de Yalta ?1945
78%
Quelle est la monnaie officielle de la Lettonie ?L'euro
67%
Comment s'appelle le héros du célèbre roman de Stendhal "Le Rouge et le Noir" ?Julien Sorel
56%
Dans la mythologie grecque, comment s'appelle le fils d'Ulysse et de Pénélope ?Télémaque
53%
Que signifie le mot allemand "Führer" ?Guide
49%
Qui est la présidente de la Banque centrale européenne ?Christine Lagarde
36%
Qui fut le premier président américain catholique ?John F. Kennedy
35%
Quelle est la célérité de la lumière dans le vide en mètre par seconde (nombre rond) ?300 000 000
32%
Comment s'appelle le président chinois ?Xi Jinping
31%
Quel artiste a réalisé l'œuvre de street art "Slave Labour" ?Banksy
30%
Quel sociologue a popularisé la notion d' "habitus" ?Pierre Bourdieu
21%
De quelle nationalité était Thomas Sankara ?Burkinabè
16%

Distribution des résultats

Percentile par nombre de réponses

% des personnes avec chaque résultat

Votre développement - résultats

Vous n’avez pas pris ce quiz